NATURE BIOTECHNOLOGY (Record no. 18493)
[ view plain ]
| 000 -LEADER | |
|---|---|
| fixed length control field | 00374nam a2200133Ia 4500 |
| 245 #0 - TITLE STATEMENT | |
| Title | NATURE BIOTECHNOLOGY |
| 260 ## - PUBLICATION, DISTRIBUTION, ETC. (IMPRINT) | |
| Name of publisher | Macmillan Publishing, New York |
| Place of publication | USA |
| 310 ## - CURRENT PUBLICATION FREQUENCY | |
| Current publication frequency | M |
| 500 ## - GENERAL NOTE | |
| General note | Ending Volume & Year: 18, 2000 |
| 500 ## - GENERAL NOTE | |
| General note | Missing Volume: 14(5);16(1) |
| 500 ## - GENERAL NOTE | |
| General note | Starting Volume & Year: 14, 1996 |
| 942 ## - ADDED ENTRY ELEMENTS (KOHA) | |
| Koha item type | Bound Journal |
| Withdrawn status | Lost status | Damaged status | Not for loan | Home library | Current library | Date acquired | Accession Number | Koha item type |
|---|---|---|---|---|---|---|---|---|
| Bound journals | RRII Library | RRII Library | 31/12/2021 | 20453J | Bound Journal |